[Event "Aragon-chT Preferente Gr-I"]
[Site "Aragon"]
[Date "2020.02.15"]
[Round "4.42"]
[White "Garcia Alvarez, Sergio"]
[Black "De la Riva Fernandez, Eduardo"]
[Result "0-1"]
[WhiteElo "1666"]
[BlackElo "1800"]
[PlyCount "118"]
[EventDate "2020.01.25"]
[EventType "team-tourn"]
[EventRounds "9"]
[EventCountry "ESP"]
[SourceTitle "EXT 2022"]
[Source "ChessBase"]
[SourceDate "2021.10.06"]
[SourceVersion "1"]
[SourceVersionDate "2021.10.06"]
[SourceQuality "1"]
[WhiteTeam "Actur Rey Fernando"]
[BlackTeam "El Olivar III"]
[WhiteTeamCountry "ESP"]
[BlackTeamCountry "ESP"]

1. c4 e5 2. Nc3 c6 3. d4 exd4 4. Qxd4 Nf6 5. e4 d6 6. Bf4 Nh5 7. Bg3 Nxg3 8. hxg3 Qb6 9. Qd2 Be6 10. f4 f6 11. Nf3 Nd7 12. 0-0-0 0-0-0 13. Nd4 Bf7 14. Be2 g6 15. g4 Be7 16. Rh3 h6 17. Nb3 Nc5 18. Kc2 Qa6 19. Qd4 Qb6 20. Nd2 Ne6 21. Qxb6 axb6 22. Rf1 Nd4+ 23. Kd3 Nxe2 24. Kxe2 Kc7 25. b3 d5 26. cxd5 cxd5 27. Nxd5+ Bxd5 28. exd5 Rxd5 29. Rc1+ Rc5 30. Rc4 Re8 31. Re3 Rxc4 32. Nxc4 b5 33. Na3 b4 34. Nc2 Kd7 35. Kd3 Rc8 36. Kd2 Bd6 37. Re4 Rc3 38. Nxb4 Rg3 39. Nd5 Rxg2+ 40. Kc3 Rxa2 41. Nxf6+ Kc7 42. Ne8+ Kd7 43. Nxd6 Kxd6 44. Rb4 Kc6 45. Re4 Kd6 46. Rb4 Kc6 47. Re4 Ra6 48. Re6+ Kd5 49. Rxa6 bxa6 50. Kb4 h5 51. f5 hxg4 52. fxg6 Ke6 53. Ka5 g3 54. Kxa6 g2 55. b4 g1Q 56. b5 Qa1+ 57. Kb7 Qg7+ 58. Ka8 Kd6 59. Kb8 Kc5 0-1

[Event "Aragon-chT Preferente Gr-I"]
[Site "Aragon"]
[Date "2020.02.08"]
[Round "3.47"]
[White "De la Riva Fernandez, Eduardo"]
[Black "Ballonga Arruebo, Alejandro"]
[Result "1/2-1/2"]
[WhiteElo "1800"]
[BlackElo "1677"]
[PlyCount "46"]
[EventDate "2020.01.25"]
[EventType "team-tourn"]
[EventRounds "9"]
[EventCountry "ESP"]
[SourceTitle "EXT 2022"]
[Source "ChessBase"]
[SourceDate "2021.10.06"]
[SourceVersion "1"]
[SourceVersionDate "2021.10.06"]
[SourceQuality "1"]
[WhiteTeam "El Olivar III"]
[BlackTeam "Shatranj"]
[WhiteTeamCountry "ESP"]
[BlackTeamCountry "ESP"]

1. e4 e6 2. d4 d5 3. Nd2 c5 4. exd5 Qxd5 5. Ngf3 cxd4 6. Bc4 Qd7 7. Nb3 Nc6 8. 0-0 a6 9. Nbxd4 Nxd4 10. Qxd4 Qxd4 11. Nxd4 b5 12. Be2 Bb7 13. Bf3 Bxf3 14. Nxf3 Nf6 15. Be3 Rc8 16. c3 Be7 17. Rac1 0-0 18. Bg5 h6 19. Bh4 g5 20. Bg3 Ne4 21. Rfe1 Nc5 22. Red1 Na4 23. Rd7 Bf6 1/2-1/2

[Event "Aragon-chT Preferente Descenso"]
[Site "Aragon"]
[Date "2019.03.30"]
[Round "10.32"]
[White "De la Riva Fernandez, Eduardo"]
[Black "Olivan Alvira, Alejandro"]
[Result "1-0"]
[WhiteElo "1794"]
[BlackElo "1459"]
[PlyCount "95"]
[EventDate "2019.03.30"]
[EventType "team-match"]
[EventRounds "10"]
[EventCountry "ESP"]
[SourceTitle "EXT 2020"]
[Source "ChessBase"]
[SourceDate "2019.10.17"]
[SourceVersion "1"]
[SourceVersionDate "2019.10.17"]
[SourceQuality "1"]
[WhiteTeam "El Olivar III"]
[BlackTeam "Jaime Casas II"]
[WhiteTeamCountry "ESP"]
[BlackTeamCountry "ESP"]

1. e4 d5 2. exd5 Qxd5 3. Nc3 Qa5 4. d4 Nf6 5. Bd2 c6 6. Bd3 Bg4 7. Nge2 e6 8. 0-0 Nbd7 9. Qe1 Bxe2 10. Nxe2 Qc7 11. Bf4 Bd6 12. Bxd6 Qxd6 13. c3 0-0 14. f4 c5 15. Rd1 Nd5 16. Rf3 f5 17. c4 Nb4 18. Bb1 Qb6 19. d5 exd5 20. a3 Nc2 21. Bxc2 Qxb2 22. Qc3 Qxc3 23. Nxc3 d4 24. Nd5 g6 25. Rb1 b6 26. Ba4 Nf6 27. Bc6 Rad8 28. Nxf6+ Rxf6 29. Bb5 d3 30. Rd1 d2 31. Kf2 Re6 32. Re3 Re4 33. g3 h6 34. Rxe4 fxe4 35. Bc6 Rd3 36. Bxe4 Rxa3 37. Bxg6 Kg7 38. Be4 Rc3 39. Bd5 a5 40. Rxd2 a4 41. Ra2 a3 42. Kg2 Kf6 43. g4 Rb3 44. Bf3 Rb2+ 45. Rxb2 axb2 46. Be4 Kf7 47. Kf2 Ke7 48. Ke2 1-0

[Event "Aragon-chT Preferente Gr-I"]
[Site "Aragon"]
[Date "2019.02.23"]
[Round "5.5"]
[White "De la Riva Fernandez, Eduardo"]
[Black "Ruiperez Gumiel, Ramon"]
[Result "0-1"]
[WhiteElo "1794"]
[BlackElo "1873"]
[PlyCount "103"]
[EventDate "2019.01.26"]
[EventType "team-tourn"]
[EventRounds "9"]
[EventCountry "ESP"]
[SourceTitle "EXT 2020"]
[Source "ChessBase"]
[SourceDate "2019.10.17"]
[SourceVersion "1"]
[SourceVersionDate "2019.10.17"]
[SourceQuality "1"]
[WhiteTeam "El Olivar III"]
[BlackTeam "Marcos Frechin"]
[WhiteTeamCountry "ESP"]
[BlackTeamCountry "ESP"]

1. e4 c5 2. Nf3 Nc6 3. d4 cxd4 4. Nxd4 Nf6 5. Nc3 e5 6. Ndb5 d6 7. Bg5 a6 8. Na3 b5 9. Nd5 Be7 10. Bxf6 Bxf6 11. c3 Bg5 12. Nc2 0-0 13. h4 Bh6 14. g4 Bf4 15. Qf3 Ne7 16. Nxf4 exf4 17. Qxf4 Ng6 18. Qg3 Qe7 19. 0-0-0 Bb7 20. Bg2 Rfd8 21. f4 Bxe4 22. Rhe1 d5 23. h5 Nf8 24. g5 Ne6 25. g6 fxg6 26. hxg6 Qf6 27. Bxe4 dxe4 28. gxh7+ Kh8 29. Rxe4 Rxd1+ 30. Kxd1 Rf8 31. Nb4 Qf5 32. Qe3 Nxf4 33. Nxa6 Ng2 34. Qe2 Nf4 35. Qe3 Rd8+ 36. Kc1 Qd7 37. Rd4 Nd5 38. Nc5 Qf5 39. Qe4 Qg5+ 40. Kc2 Ne3+ 41. Kb3 Rxd4 42. cxd4 Nd5 43. Nd3 Nf6 44. Ne5 Nxe4 45. Nf7+ Kxh7 46. Nxg5+ Nxg5 47. d5 Nf7 48. Kc3 g5 49. a3 Kg6 50. b3 Kf5 51. a4 bxa4 52. bxa4 0-1

[Event "Aragon-chT Preferente Gr I "]
[Site "Aragon"]
[Date "2018.03.24"]
[Round "9.48"]
[White "Agustin De Dios, Adrian"]
[Black "De la Riva Fernandez, Eduardo"]
[Result "0-1"]
[WhiteElo "1707"]
[BlackElo "1825"]
[PlyCount "58"]
[EventDate "2018.01.27"]
[EventType "team-tourn"]
[EventRounds "9"]
[EventCountry "ESP"]
[SourceTitle "EXT 2019"]
[Source "ChessBase"]
[SourceDate "2018.10.10"]
[SourceVersion "1"]
[SourceVersionDate "2018.10.10"]
[SourceQuality "1"]
[WhiteTeam "Fraga"]
[BlackTeam "El Olivar III"]
[WhiteTeamCountry "ESP"]
[BlackTeamCountry "ESP"]

1. e4 e6 2. d4 d5 3. Nd2 Nf6 4. e5 Nfd7 5. Bd3 c5 6. c3 Nc6 7. Ne2 cxd4 8. cxd4 Qb6 9. Nf3 f6 10. exf6 Nxf6 11. 0-0 Bd6 12. a3 0-0 13. b4 e5 14. dxe5 Nxe5 15. Nxe5 Bxe5 16. Be3 Qd8 17. Bc5 Rf7 18. Ra2 Be6 19. Bd4 Bd6 20. Ng3 Qd7 21. Re2 Bxg3 22. fxg3 Bg4 23. Bxh7+ Nxh7 24. Rxf7 Qxf7 25. Qd2 Bxe2 26. Qxe2 Re8 27. Qd2 Qe6 28. Kf1 Nf6 29. Bxf6 Qxf6+ 0-1

[Event "Aragon-chT Preferente Gr I "]
[Site "Aragon"]
[Date "2018.03.17"]
[Round "8.40"]
[White "De la Riva Fernandez, Eduardo"]
[Black "Javierre Conesa, Alfonso"]
[Result "1-0"]
[WhiteElo "1825"]
[BlackElo "1898"]
[PlyCount "63"]
[EventDate "2018.01.27"]
[EventType "team-tourn"]
[EventRounds "9"]
[EventCountry "ESP"]
[SourceTitle "EXT 2019"]
[Source "ChessBase"]
[SourceDate "2018.10.10"]
[SourceVersion "1"]
[SourceVersionDate "2018.10.10"]
[SourceQuality "1"]
[WhiteTeam "El Olivar III"]
[BlackTeam "Las Fuentes"]
[WhiteTeamCountry "ESP"]
[BlackTeamCountry "ESP"]

1. e4 d6 2. d4 Nf6 3. Bd3 c5 4. Ne2 Nc6 5. c3 g6 6. f3 Bg7 7. Be3 0-0 8. 0-0 b6 9. Nd2 Bb7 10. h3 e5 11. d5 Ne7 12. Rb1 Nd7 13. Nc4 Qc7 14. a4 f5 15. Bg5 Bf6 16. Bh6 Bg7 17. Bxg7 Kxg7 18. f4 fxe4 19. Bxe4 Ba6 20. b3 Bxc4 21. bxc4 Nf5 22. Qd3 Rae8 23. g4 Nh6 24. f5 gxf5 25. Bxf5 Nxf5 26. Rxf5 Rxf5 27. Qxf5 Qd8 28. Ng3 Rf8 29. Qe6 Nf6 30. Nf5+ Kh8 31. Nxd6 Qd7 32. Qxe5 1-0

[Event "Aragon-chT Preferente Gr I "]
[Site "Aragon"]
[Date "2018.02.24"]
[Round "5.52"]
[White "De la Riva Fernandez, Eduardo"]
[Black "Serrat Claver, David"]
[Result "1/2-1/2"]
[WhiteElo "1825"]
[BlackElo "1910"]
[PlyCount "123"]
[EventDate "2018.01.27"]
[EventType "team-tourn"]
[EventRounds "9"]
[EventCountry "ESP"]
[SourceTitle "EXT 2019"]
[Source "ChessBase"]
[SourceDate "2018.10.10"]
[SourceVersion "1"]
[SourceVersionDate "2018.10.10"]
[SourceQuality "1"]
[WhiteTeam "El Olivar III"]
[BlackTeam "Agrupacion III"]
[WhiteTeamCountry "ESP"]
[BlackTeamCountry "ESP"]

1. e4 e5 2. Nc3 Nf6 3. f4 d5 4. fxe5 Nxe4 5. d3 Nxc3 6. bxc3 d4 7. Nf3 Nc6 8. cxd4 Bb4+ 9. Bd2 Bxd2+ 10. Qxd2 Nxd4 11. Be2 Nxf3+ 12. Bxf3 Qd4 13. c3 Qxe5+ 14. Kf2 0-0 15. Rae1 Qf6 16. Rhf1 Bg4 17. Kg1 Bxf3 18. Rxf3 Qb6+ 19. Kh1 Rae8 20. Ref1 Re7 21. Qg5 f6 22. Qh4 Rfe8 23. h3 Qc6 24. Qd4 Re1 25. Qxa7 Rxf1+ 26. Rxf1 Re2 27. Rf2 Re1+ 28. Kh2 Qd6+ 29. g3 Qc6 30. Rg2 Kf7 31. Qd4 Rc1 32. c4 Rd1 33. Qd5+ Qxd5 34. cxd5 Rxd3 35. Rc2 Rxd5 36. Rxc7+ Kg6 37. Rxb7 Rd2+ 38. Kg1 Rxa2 39. Rb5 Rd2 40. Ra5 h5 41. h4 f5 42. Ra6+ Kh7 43. Ra4 Kh6 44. Rf4 Kg6 45. Ra4 Kh6 46. Rf4 Rd5 47. Kg2 g5 48. hxg5+ Kxg5 49. Kh3 Re5 50. Rf3 Re2 51. Rf4 Re4 52. Rf3 h4 53. gxh4+ Rxh4+ 54. Kg3 f4+ 55. Kg2 Kg4 56. Ra3 Rh6 57. Kf2 Rh2+ 58. Kf1 Rb2 59. Rc3 Rb1+ 60. Kf2 Rb2+ 61. Kf1 f3 62. Rc8 1/2-1/2

[Event "Aragon-chT Preferente Gr I "]
[Site "Aragon"]
[Date "2018.02.03"]
[Round "2.44"]
[White "Palomar Ramon, Santiago"]
[Black "De la Riva Fernandez, Eduardo"]
[Result "1-0"]
[WhiteElo "1914"]
[BlackElo "1825"]
[PlyCount "83"]
[EventDate "2018.01.27"]
[EventType "team-tourn"]
[EventRounds "9"]
[EventCountry "ESP"]
[SourceTitle "EXT 2019"]
[Source "ChessBase"]
[SourceDate "2018.10.10"]
[SourceVersion "1"]
[SourceVersionDate "2018.10.10"]
[SourceQuality "1"]
[WhiteTeam "San Jose"]
[BlackTeam "El Olivar III"]
[WhiteTeamCountry "ESP"]
[BlackTeamCountry "ESP"]

1. e4 e6 2. d4 d5 3. Nc3 Nf6 4. Bg5 Be7 5. e5 Nfd7 6. Bxe7 Qxe7 7. Bd3 a6 8. Nce2 c5 9. c3 Nc6 10. Nf3 cxd4 11. cxd4 f6 12. exf6 Nxf6 13. 0-0 0-0 14. Ng3 e5 15. Nxe5 Nxe5 16. dxe5 Ng4 17. Be2 Nxe5 18. Qxd5+ Qe6 19. Rad1 Qxd5 20. Rxd5 Nc6 21. Rd6 Rd8 22. Bc4+ Kf8 23. Rxd8+ Nxd8 24. Re1 b5 25. Bb3 Ra7 26. f3 Re7 27. Rxe7 Kxe7 28. Kf2 Be6 29. Bxe6 Nxe6 30. Ke3 Nc5 31. Ne4 Na4 32. b3 Nb6 33. Kd4 Nd7 34. Nc5 Nb8 35. Kd5 g6 36. b4 h6 37. f4 h5 38. g3 h4 39. gxh4 Ke8 40. Kd6 Kd8 41. a3 Kc8 42. f5 1-0

[Event "Aragon-chT Preferente A"]
[Site "Aragon"]
[Date "2016.03.05"]
[Round "6.46"]
[White "De la Riva Fernandez, Eduardo"]
[Black "Soriano Gracia, Manuel"]
[Result "1/2-1/2"]
[WhiteElo "1922"]
[BlackElo "1856"]
[PlyCount "72"]
[EventDate "2016.01.30"]
[EventType "team-tourn"]
[EventRounds "9"]
[EventCountry "ESP"]
[SourceTitle "EXT 2018"]
[Source "ChessBase"]
[SourceDate "2017.10.13"]
[SourceVersion "1"]
[SourceVersionDate "2017.10.13"]
[SourceQuality "1"]
[WhiteTeam "El Olivar III"]
[BlackTeam "Monsalud"]
[WhiteTeamCountry "ESP"]
[BlackTeamCountry "ESP"]

1. e4 e5 2. Nc3 Nc6 3. f4 d6 4. Nf3 Bg4 5. Bb5 f6 6. d4 exd4 7. Qxd4 a6 8. Bxc6+ bxc6 9. 0-0 Be6 10. b3 Ne7 11. Qf2 c5 12. Bb2 g6 13. Nd5 Nxd5 14. exd5 Bxd5 15. Ng5 Be7 16. Rad1 Bf7 17. Nxf7 Kxf7 18. c4 Re8 19. f5 g5 20. Qf3 Kg8 21. Rde1 Qd7 22. Re6 Rf8 23. Rfe1 Rae8 24. Qh5 Rf7 25. h4 gxh4 26. R1e4 Ref8 27. Qxh4 Bd8 28. Bc1 Re7 29. Bb2 Rxe6 30. Rxe6 Qg7 31. g4 Rf7 32. Re8+ Rf8 33. Re6 Rf7 34. Re8+ Rf8 35. Qh5 Rxe8 36. Qxe8+ Qf8 1/2-1/2

[Event "Zaragoza Province-ch Preferente"]
[Site "Zaragoza"]
[Date "2015.10.18"]
[Round "4"]
[White "Romero Pallares, Daniel"]
[Black "De la Riva Fernandez, Eduardo"]
[Result "1-0"]
[WhiteElo "2052"]
[BlackElo "1933"]
[PlyCount "49"]
[EventDate "2015.09.27"]
[EventType "swiss"]
[EventRounds "6"]
[EventCountry "ESP"]
[SourceTitle "CBM 170 Extra"]
[Source "ChessBase"]
[SourceDate "2016.02.25"]
[SourceVersion "1"]
[SourceVersionDate "2016.02.25"]
[SourceQuality "1"]

1. e4 e6 2. Qe2 c5 3. Nf3 Nc6 4. g3 g6 5. Bg2 Bg7 6. c3 Nge7 7. 0-0 0-0 8. d3 Re8 9. Nbd2 Qc7 10. Re1 d6 11. Nf1 Bd7 12. h4 h5 13. N3h2 f6 14. f4 f5 15. Nf3 d5 16. e5 b5 17. Be3 Nd8 18. Ng5 Nb7 19. Bf3 Nd8 20. b4 c4 21. dxc4 Qxc4 22. Qd2 Nc8 23. Bc5 Nf7 24. Ne3 Nxg5 25. hxg5 1-0

[Event "Aragon-chT Honor Descenso"]
[Site "Aragon"]
[Date "2014.03.29"]
[Round "10.31"]
[White "De la Riva Fernandez, Eduardo"]
[Black "Sancho Casale, Jesus"]
[Result "1/2-1/2"]
[WhiteElo "1965"]
[BlackElo "1968"]
[PlyCount "130"]
[EventDate "2014.01.25"]
[EventType "team-tourn"]
[EventRounds "11"]
[EventCountry "ESP"]
[SourceTitle "EXT 2015"]
[Source "ChessBase"]
[SourceDate "2014.11.20"]
[SourceVersion "1"]
[SourceVersionDate "2014.11.20"]
[SourceQuality "1"]
[WhiteTeam "El Olivar II"]
[BlackTeam "Tauste"]
[WhiteTeamCountry "ESP"]
[BlackTeamCountry "ESP"]

1. e4 e5 2. Nf3 Nf6 3. Nxe5 d6 4. Nf3 Nxe4 5. Nc3 Nxc3 6. dxc3 Be7 7. Be2 0-0 8. 0-0 Bf6 9. Be3 Nc6 10. Re1 Ne5 11. h3 Be6 12. Nd4 Bd5 13. Nf3 c6 14. Nd2 Bh4 15. c4 Be6 16. b3 f5 17. Nf3 Bf6 18. Rb1 Bf7 19. Nd4 Qd7 20. f4 Ng6 21. Nf3 Rfe8 22. Qd2 Re7 23. Bd3 Nf8 24. Bd4 Bxd4+ 25. Nxd4 g6 26. Rxe7 Qxe7 27. Re1 Qd7 28. Re2 Re8 29. Qe1 Rxe2 30. Qxe2 Qe8 31. Kf2 Qxe2+ 32. Bxe2 Nd7 33. g4 fxg4 34. hxg4 Nf6 35. a4 a5 36. Ke3 Kf8 37. g5 Ne8 38. Bg4 Ke7 39. Ke4 Nc7 40. f5 d5+ 41. cxd5 Bxd5+ 42. Ke5 gxf5 43. Nxf5+ Kf8 44. Nd6 b6 45. Bf5 Kg7 46. Bd3 h5 47. gxh6+ Kxh6 48. c4 Bg8 49. Nf5+ Kg5 50. Ne7 Bf7 51. Nxc6 Na6 52. Kd6 Nc5 53. Bc2 Kf4 54. Nxa5 Nxa4 55. bxa4 Ke3 56. Nc6 Bxc4 57. Kc7 Kd2 58. Kxb6 Kxc2 59. a5 Kc3 60. Na7 Kb4 61. Nc6+ Ka4 62. Ne5 Be2 63. Nd7 Bf1 64. Nc5+ Kb4 65. Nb7 Ka4 1/2-1/2

[Event "Aragon-chT Preferente Ascenso"]
[Site "Aragon"]
[Date "2013.04.07"]
[Round "11.31"]
[White "De la Riva Fernandez, Eduardo"]
[Black "Martin Catalan, Juan Vicente"]
[Result "0-1"]
[WhiteElo "1970"]
[BlackElo "2096"]
[PlyCount "130"]
[EventDate "2013.01.26"]
[EventType "team-tourn"]
[EventRounds "11"]
[EventCountry "ESP"]
[SourceTitle "EXT 2014"]
[Source "ChessBase"]
[SourceDate "2013.11.20"]
[SourceVersion "1"]
[SourceVersionDate "2013.11.20"]
[SourceQuality "1"]
[WhiteTeam "El Olivar III"]
[BlackTeam "Teruel"]
[WhiteTeamCountry "ESP"]
[BlackTeamCountry "ESP"]

1. e4 c5 2. Nf3 Nc6 3. d4 cxd4 4. Nxd4 g6 5. c4 Nf6 6. Nc3 Nxd4 7. Qxd4 d6 8. Be3 Bg7 9. Be2 0-0 10. Qd2 Be6 11. 0-0 Qa5 12. Rac1 Rfc8 13. b3 Nd7 14. Bd4 Bxd4 15. Qxd4 Qb4 16. h4 a5 17. f4 Qc5 18. Qf2 Qxf2+ 19. Rxf2 f6 20. Bf3 Rab8 21. Rd1 Kg7 22. Nb5 Rc5 23. g4 g5 24. Nd4 Nf8 25. hxg5 fxg5 26. f5 Bf7 27. Bg2 Nd7 28. Nf3 h6 29. Re2 b5 30. e5 Nxe5 31. Nxe5 dxe5 32. Bd5 Bxd5 33. Rxd5 Rxd5 34. cxd5 Kf6 35. Rc2 e4 36. Rc6+ Ke5 37. Rxh6 Rc8 38. Re6+ Kxd5 39. Rxe7 Rc3 40. Rg7 Rg3+ 41. Kf2 Rxg4 42. Ke3 Ke5 43. f6 Rg3+ 44. Kf2 Rf3+ 45. Ke2 Kxf6 46. Ra7 a4 47. bxa4 bxa4 48. Rxa4 Kf5 49. Ra8 Kf4 50. a4 Ra3 51. a5 Ra2+ 52. Kf1 Ke3 53. a6 g4 54. a7 g3 55. Kg1 g2 56. Kh2 Ke2 57. Kxg2 e3 58. Rb8 Rxa7 59. Rb2+ Kd3 60. Rb3+ Kd2 61. Rb2+ Kc3 62. Re2 Kd3 63. Rb2 e2 64. Rb3+ Kc2 65. Re3 Kd2 0-1

[Event "Aragon-chT Preferente B"]
[Site "Aragon"]
[Date "2012.02.25"]
[Round "4.63"]
[White "De la Riva Fernandez, Eduardo"]
[Black "Buil Rello, Jose Antonio"]
[Result "1/2-1/2"]
[WhiteElo "1985"]
[BlackElo "1966"]
[PlyCount "69"]
[EventDate "2012.02.04"]
[EventType "team"]
[EventRounds "9"]
[EventCountry "ESP"]
[SourceTitle "EXT 2014"]
[Source "ChessBase"]
[SourceDate "2013.11.20"]
[SourceVersion "1"]
[SourceVersionDate "2013.11.20"]
[SourceQuality "1"]
[WhiteTeam "Olivar III"]
[BlackTeam "Jaime Casas II"]
[WhiteTeamCountry "ESP"]
[BlackTeamCountry "ESP"]

1. e4 c5 2. Nf3 e6 3. d4 Qc7 4. c4 a6 5. Nc3 b6 6. d5 e5 7. Bd3 d6 8. Ne2 g6 9. Ng3 Bg7 10. Be3 Bg4 11. Qd2 Bxf3 12. gxf3 Qe7 13. f4 exf4 14. Bxf4 Nd7 15. Rb1 Ngf6 16. h4 Ng4 17. h5 Nge5 18. Be2 Bf6 19. Bh6 Nf8 20. f4 Ned7 21. a3 Rg8 22. Rf1 Bh4 23. Rf3 Bxg3+ 24. Rxg3 Qh4 25. Kf2 Qe7 26. Re1 0-0-0 27. Bd3 Re8 28. b4 Qh4 29. Bg5 Qh2+ 30. Rg2 Qh3 31. Re3 Qh1 32. Rg1 Qh2+ 33. Rg2 Qh1 34. Rg1 Qh2+ 35. Rg2 1/2-1/2

[Event "Aragon-chT Preferente-B"]
[Site "Spain"]
[Date "2011.02.26"]
[Round "4.1"]
[White "Ansola Marquinez, Alberto"]
[Black "De la Riva Fernandez, Eduardo"]
[Result "1-0"]
[WhiteElo "2090"]
[BlackElo "1995"]
[PlyCount "87"]
[EventDate "2011.02.05"]
[EventType "team-tourn"]
[EventRounds "9"]
[EventCountry "ESP"]
[SourceTitle "EXT 2013"]
[Source "ChessBase"]
[SourceDate "2012.11.22"]
[SourceVersion "1"]
[SourceVersionDate "2012.11.22"]
[SourceQuality "1"]
[WhiteTeam "El Soto"]
[BlackTeam "Olivar III"]
[WhiteTeamCountry "ESP"]
[BlackTeamCountry "ESP"]

1. Nc3 d5 2. e4 d4 3. Nce2 e5 4. Ng3 c5 5. Bc4 Nc6 6. Nf3 Be6 7. Bxe6 fxe6 8. d3 Be7 9. h4 h6 10. h5 Bf6 11. Nd2 Nge7 12. a4 Nc8 13. Nc4 Nd6 14. Qg4 Qd7 15. Qg6+ Kd8 16. f4 Nxc4 17. dxc4 Kc7 18. fxe5 Bxe5 19. 0-0 Raf8 20. Bd2 Qd6 21. Rxf8 Rxf8 22. Rf1 Rxf1+ 23. Nxf1 Qe7 24. b3 Qh4 25. Qf7+ Kb6 26. Qf3 Qf6 27. Qxf6 Bxf6 28. Nh2 Ne5 29. Nf3 Kc6 30. Nxe5+ Bxe5 31. Kf2 a6 32. Ke2 b5 33. axb5+ axb5 34. Kd3 b4 35. Ke2 Kd6 36. Kf3 Ke7 37. Bf4 Bf6 38. e5 Bh4 39. g3 Bg5 40. Bxg5+ hxg5 41. Kg4 Kf8 42. Kxg5 Kf7 43. h6 Kg8 44. Kg6 1-0

[Event "Aragon-chT Preferente"]
[Site "Spain"]
[Date "2010.03.13"]
[Round "8.34"]
[White "Lopez Guaita, Fernando"]
[Black "De la Riva Fernandez, Eduardo"]
[Result "1-0"]
[WhiteElo "2026"]
[BlackElo "1997"]
[PlyCount "119"]
[EventDate "2010.01.23"]
[EventType "team-swiss"]
[EventRounds "12"]
[EventCountry "ESP"]
[SourceTitle "EXT 2013"]
[Source "ChessBase"]
[SourceDate "2012.11.22"]
[SourceVersion "1"]
[SourceVersionDate "2012.11.22"]
[SourceQuality "1"]
[WhiteTeam "Aragon"]
[BlackTeam "Aragon ONCE"]
[WhiteTeamCountry "ESP"]
[BlackTeamCountry "ESP"]

1. Nf3 Nf6 2. g3 d5 3. Bg2 c5 4. 0-0 Nc6 5. d3 e5 6. Nbd2 h6 7. e4 dxe4 8. dxe4 Bg4 9. c3 Qc7 10. Qe2 Rd8 11. h3 Be6 12. Nh4 Be7 13. Nf5 0-0 14. Nxe7+ Nxe7 15. Re1 Qd7 16. Kh2 Qd3 17. Bf1 Qxe2 18. Bxe2 Bd7 19. f3 Bc6 20. Nc4 Nd7 21. Na5 Nb8 22. Nxc6 Nbxc6 23. Be3 b6 24. f4 Rd6 25. f5 Rfd8 26. g4 g5 27. h4 f6 28. Kg3 Kg7 29. Rh1 Rh8 30. b3 Nd8 31. a3 Nf7 32. b4 cxb4 33. axb4 Nc6 34. Bb5 Rc8 35. h5 Nb8 36. Rxa7 Rxc3 37. Kf2 Nc6 38. Rb7 Rc2+ 39. Kg3 Rc3 40. Re1 Ncd8 41. Ra7 Rb3 42. Kf3 Rxb4 43. Be2 Nc6 44. Rb7 Nd4+ 45. Kf2 Nxe2 46. Rxe2 b5 47. Bc5 Rdd4 48. Bxd4 exd4 49. Ra2 Ra4 50. Rxa4 bxa4 51. Ra7 a3 52. Rxa3 Ne5 53. Kg3 d3 54. Ra5 Kf7 55. Rxe5 fxe5 56. Kf3 Ke7 57. Ke3 d2 58. Kxd2 Kd6 59. Kd3 Kc5 60. Kc3 1-0

[Event "Aragon-chT Preferente"]
[Site "Spain"]
[Date "2010.03.06"]
[Round "7.38"]
[White "De la Riva Fernandez, Eduardo"]
[Black "Alonso Blasco, Jose Miguel"]
[Result "1/2-1/2"]
[WhiteElo "1997"]
[BlackElo "2114"]
[PlyCount "64"]
[EventDate "2010.01.23"]
[EventType "team-swiss"]
[EventRounds "12"]
[EventCountry "ESP"]
[SourceTitle "EXT 2013"]
[Source "ChessBase"]
[SourceDate "2012.11.22"]
[SourceVersion "1"]
[SourceVersionDate "2012.11.22"]
[SourceQuality "1"]
[WhiteTeam "Aragon ONCE"]
[BlackTeam "Las Fuentes"]
[WhiteTeamCountry "ESP"]
[BlackTeamCountry "ESP"]

1. e4 c6 2. d4 d5 3. e5 Bf5 4. Nc3 e6 5. g4 Bg6 6. h4 h5 7. g5 Bb4 8. Bd3 Ne7 9. Nge2 Qa5 10. Bxg6 Bxc3+ 11. bxc3 Nxg6 12. Qd3 Nd7 13. f4 Ne7 14. Ng3 g6 15. 0-0 c5 16. a4 c4 17. Qf3 Nf5 18. Nxf5 gxf5 19. Ba3 Qxa4 20. Rfb1 Qc6 21. Kh2 b6 22. Rg1 a5 23. g6 fxg6 24. Rxg6 0-0-0 25. Rag1 Rde8 26. Rg7 Qa4 27. Bd6 Qxc2+ 28. R1g2 Qd3 29. Qxd3 cxd3 30. Rd2 Reg8 31. Rg5 Rxg5 32. hxg5 Nf8 1/2-1/2

[Event "Aragon-chT Preferente"]
[Site "Spain"]
[Date "2010.02.13"]
[Round "4.26"]
[White "Temprano Mateos, Luis Jose"]
[Black "De la Riva Fernandez, Eduardo"]
[Result "1-0"]
[WhiteElo "2087"]
[BlackElo "1997"]
[PlyCount "85"]
[EventDate "2010.01.23"]
[EventType "team-swiss"]
[EventRounds "12"]
[EventCountry "ESP"]
[SourceTitle "EXT 2013"]
[Source "ChessBase"]
[SourceDate "2012.11.22"]
[SourceVersion "1"]
[SourceVersionDate "2012.11.22"]
[SourceQuality "1"]
[WhiteTeam "Agrupacion II"]
[BlackTeam "Aragon ONCE"]
[WhiteTeamCountry "ESP"]
[BlackTeamCountry "ESP"]

1. e4 e6 2. d4 d5 3. e5 c5 4. c3 Nc6 5. Nf3 Nge7 6. a3 Nf5 7. Be3 Be7 8. Bd3 Qb6 9. Qd2 Bd7 10. dxc5 Bxc5 11. Bxc5 Qxc5 12. 0-0 d4 13. Bxf5 dxc3 14. Nxc3 exf5 15. Rac1 Qa5 16. b4 Qd8 17. Qd6 Qe7 18. Nd5 Qxd6 19. exd6 0-0 20. Nc7 Rad8 21. b5 Nb8 22. Rfe1 Bc8 23. Rcd1 Nd7 24. Nd5 Rfe8 25. Rxe8+ Rxe8 26. Ne7+ Kf8 27. Rc1 Nb6 28. Nxc8 Rd8 29. Nxb6 axb6 30. Rd1 f6 31. Kf1 Kf7 32. d7 Ke7 33. Ke2 f4 34. Nd4 g6 35. Nc2 Ke6 36. Nb4 f5 37. Rd4 g5 38. Kd3 g4 39. Nc6 Rxd7 40. Rxd7 Kxd7 41. Nd4 Kd6 42. Nxf5+ Ke5 43. Nh6 1-0

[Event "Aragon-chT"]
[Site "Aragon"]
[Date "2009.02.21"]
[Round "4"]
[White "De la Riva Fernandez, Eduardo"]
[Black "Pellicer Cemeli, Jose Luis"]
[Result "1-0"]
[WhiteElo "1972"]
[BlackElo "2047"]
[PlyCount "79"]
[EventDate "2009.01.24"]
[EventType "team-swiss"]
[EventRounds "9"]
[EventCountry "ESP"]
[SourceTitle "EXT 2011"]
[Source "ChessBase"]
[SourceDate "2010.11.26"]
[SourceVersion "1"]
[SourceVersionDate "2010.11.26"]
[SourceQuality "1"]

1. e4 e5 2. Nc3 Nc6 3. f4 Bc5 4. Nf3 d6 5. Na4 Bg4 6. Bb5 Nge7 7. c3 Bb6 8. Nxb6 axb6 9. 0-0 0-0 10. Be2 exf4 11. d4 Ng6 12. Ne1 Bxe2 13. Qxe2 Qe7 14. Nd3 Rae8 15. Re1 f5 16. Nf2 Qf7 17. Qf3 fxe4 18. Rxe4 Rxe4 19. Nxe4 Nh4 20. Qg4 Qe7 21. Bd2 f3 22. Bg5 Qf7 23. Bxh4 fxg2 24. Qxg2 Qf4 25. Bg5 Qf7 26. Rf1 Qg6 27. Rxf8+ Kxf8 28. Bh4 Qh5 29. Ng5 Qg6 30. Qe4 Qxe4 31. Nxe4 h6 32. Bg3 Ne7 33. Nxd6 cxd6 34. Bxd6 Kf7 35. Bxe7 Kxe7 36. Kf2 Ke6 37. Kf3 Kd5 38. Kf4 g6 39. h4 Kc4 40. Ke3 1-0